| 000 | 00789nam a2200265Ia 4500 | ||
|---|---|---|---|
| 003 | OSt | ||
| 005 | 20221005031109.0 | ||
| 006 | a|||||r|||| 00| 0 | ||
| 007 | ta | ||
| 008 | 221004b |||||||| |||| 00| 0 eng d | ||
| 020 |
_a9781509508563 (hbk) _cUSD 22.95 |
||
| 024 | _a33882 | ||
| 037 |
_bBBS/06, 01/09/2017, Better Book Service _cTextual |
||
| 040 |
_aCRL _cCRL _beng |
||
| 041 |
_2eng _aeng |
||
| 082 | _aV1:19, Q7 | ||
| 100 |
_aLawson Stephanie Au. _9583269 |
||
| 245 | 0 | _aInternational relations | |
| 250 | _a3rd | ||
| 260 |
_aCambridge _bPolity Press UK _c2017 |
||
| 300 |
_axi,216p. _ccm. |
||
| 650 | _aINTERNATIONAL RELATIONS | ||
| 942 |
_hV1:19, Q7 _cTEXL _2cc |
||
| 999 |
_c937179 _d937179 |
||